Základy manažmentu : Praktikum /

Gespeichert in:
Bibliographische Detailangaben
1. Verfasser: Majtán, Miroslav (Verfasst von)
Format: Buch
Sprache:Slowakisch
Veröffentlicht: Bratislava : Ekonomická univerzita, 1994
Ausgabe:2.vyd.
Tags: Tag hinzufügen
Keine Tags, Fügen Sie das erste Tag hinzu!

MARC

LEADER 00000nam a22000003a 4500
001 stu22784
005 20150617225751.1
008 940923s1994----cs------------------slo-d
020 |a 80-225-0592-7 
040 |a STU  |b slo 
041 0 |a slo 
044 |a cs 
080 |a 338.242(075.8) 
100 1 |a Majtán, Miroslav  |4 aut 
245 1 |a Základy manažmentu :  |b Praktikum /  |c [aut.]Majtán,Miroslav a kol 
250 |a 2.vyd. 
260 |a Bratislava :  |b Ekonomická univerzita,  |c 1994 
300 |a 126 s :  |b Tabuľky 
500 |a (Dočasná vysokoškolská učebnica) 
996 |b CS32908  |c C*S32908  |l CCXIV  |s P  |a 0  |w stu22784_0001